| 000 | 01646nab a2200277 a 4500 | ||
|---|---|---|---|
| 005 | 20260217062537.0 | ||
| 008 | 991125c2015 sp ar p o 000 0 spa d | ||
| 035 | _aUPN01000208730 | ||
| 040 |
_aMX-MxUPN _bspa _cMX-MxUPN _eaacr2 |
||
| 049 | _aART-E | ||
| 100 | 1 | _aSalazar Benítez, Octavio | |
| 100 | 1 | _unievesalong@gmail.com | |
| 245 | 1 | 0 | _aCiudadanía, género y poder: La paridad como principio constitucional |
| 506 | 0 | _aAcceso abierto | |
| 520 | 3 | _aLa introducción por la Ley O rgánica 3/2007, de 22 de marzo de acciones positivas en la ley electoral no sólo provocó una intensa polémica en cuanto a su legitimidad constitucional sino que también, y paradójicamente, no ha contribuido al aumento del número de diputadas en el Congreso. Ello nos obliga a reflexionar sobre los argumentos jurídicos que se oponen a ellas y los políticos que explican su relativa virtualidad práctica. De esta m anera, planteamos una reflexión sobre el concepto de “democracia paritaria”, desde su conexión con los dos ejes fundamentales de un sistema constitucional: el poder y la ciudadanía. Una reflexión urgente y necesaria ante la perspectiva de una reforma de nuestra Constitución. | |
| 650 | 4 |
_aCiudadanía _97037 |
|
| 650 | 4 |
_aGénero _95712 |
|
| 650 | 4 |
_aPoder (Ciencias sociales) _91203 |
|
| 650 | 4 |
_aDemocracia _96020 |
|
| 653 | 0 | _aParidad | |
| 773 |
_gNo. 10 (2015), p. 16-37 _tCuestiones de género : de la igualdad y la diferencia _x1699-597X |
||
| 856 | 4 | _uhttps://revpubli.unileon.es/index.php/cuestionesdegenero/article/view/1484 | |
| 902 | _aGloria Jiménez/150825 | ||
| 905 | _aArticulo | ||
| 942 | _cART-E | ||
| 999 |
_c180831 _d180831 |
||